Les présidents de la Ve République Française - Statistiques

Statistiques générales
  • Ce quiz a été pris 457 fois
    454 depuis la dernière actualisation
  • Le résultat moyen est 7 sur 8
Statistiques - réponses
Date Nom % Correct
A été president de 1959 à 1969 Charles De Gaulle
97%
Est president depuis 2017 Emmanuel Macron
93%
A été president de 1995 à 2007 Jacques Chirac
92%
A été e president de 2012 à 2017 Francois Hollande
91%
A été president de 2007 à 2012 Nicolas Sarkozy
91%
A été president de 1974 à 1981 Valéry Giscard d'Estaing
89%
A été president de 1969 à 1974 Georges Pompidou
87%
A été president de 1981 à 1995 Francois Mitterand
83%
Aucun quiz correspondant
Distribution des résultats
% des personnes avec chaque résultat
Percentile par nombre de réponses
Votre historique - résultats
Vous n’avez pas pris ce quiz depuis la dernière actualisation